000 00329 a2200109 4500
001 ART_11477
005 20260410161858.0
008 260409a
245 1 0 _aReseñando la crisis de la deuda latinoamericana
100 1 _aFerro, Gustavo
773 0 _tRevista de Economía
_g- Nº 69 (abr./jun. 1993)
_wREV11077
999 _c25612
_d25612